La frontera lejana /

Guardado en:
Formato: Deslizar
Series:Ciencia y Sociedad
Materias:
Etiquetas: Agregar Etiqueta
Sin Etiquetas, Sea el primero en etiquetar este registro!
LEADER 00927ngm a22002535g 4500
001 CEM.cems021540
008 130507b1992##################0###0#####d
005 20240827172509.0
245 0 0 |a La frontera lejana / 
300 |a 28 
490 0 |a Ciencia y Sociedad 
500 |a En soporte VHS, consultar en ventanilla. 
505 0 |a Viajes al futuro. Transbordadores espaciales. Telescopio espacial. Agujeros negros. Investigaciones espaciales. Gravedad. Tecnología interplanetaria. Pilares solares de silicio. Energía solar. 
538 |a Soporte: VHS - Norma: Pal N - Color - Grabación Drd 1992 - Hitachi=4059 
082 5 2 |/ AST 
653 |a ASTRONOMIA 
653 |a SILICIO 
653 |a AGUJERO NEGRO 
653 |a ENERGIA 
653 |a ENERGIA SOLAR 
653 |a TRANSBORDADOR TELESCOPIO 
653 |a GRAVEDAD 
653 |a NIVEL SECUNDARIO 
859 |a CEMS  |b BIB. CEMS - Depto. Recursos Didacticos  |h 520  |i AST  |k DRD  |p 183.12  |t Ej.1